| 000 | ncm a22 a 4500 | ||
|---|---|---|---|
| 999 |
_c351721 _d351721 |
||
| 003 | BLK | ||
| 005 | 20200406103210.0 | ||
| 008 | 180414b bul |a|er|||| |0| c|bulo| | ||
| 010 | _aNOT00003640000 | ||
| 040 | _aBLK | ||
| 041 |
_aBUL _cBUL |
||
| 080 |
_aКамерна вок. муз. Песни, балади, арии, романси _b784.3 _z784.3(44) _x(44) |
||
| 139 |
_aПесни и арии от стари френски майстори _bП 38 |
||
| 245 | 1 | 0 |
_aПесни и арии от стари френски майстори _b[за соло пеене и съпровод на пиано] _cсъстав. Елена Балджиева. |
| 254 | _aПартитура | ||
| 257 | _aBGR | ||
| 260 |
_bМузика _c1988 _aСофия |
||
| 300 |
_c33 см _a40 с. |
||
| 380 | _a7 | ||
| 505 |
_rГийом дьо Машо. _tКак е трудно да не спиш |
||
| 505 |
_rЖан Батист Люли. _tГероят, когото чакам ; Разстели сянката си |
||
| 505 |
_rЖан Батист Бусе. _tЧаровна нощ |
||
| 505 |
_rЖан Филип Рамо. _tЛюбовта ; Надеждата ; Щурчето |
||
| 505 |
_rБеноа Блез. _tЧерешите |
||
| 505 |
_rФрансоа-Андре Филидор. _tМалките деца |
||
| 505 |
_rАлександър Никола Дезед. _tВъзхвала на днешното време |
||
| 505 |
_rАндре Ернест Гретри. _tДва по два ; Докато всичко спи |
||
| 505 |
_rФрансоа Дьовиен. _tСъжаленията |
||
| 505 |
_rМария Луиджи Керубини. _tСтарият скитник |
||
| 650 | 0 |
_aВокална музика _9276897 |
|
| 653 | _aарии | ||
| 653 | 7 |
_aпесни _9193581 |
|
| 653 | 7 |
_aфренски композитори _9199582 |
|
| 659 | _aЬ | ||
| 700 |
_aБалджиева, Елена _eсъстав. _9403796 |
||
| 852 |
_aЦб М ІІ 10296 _p17 |
||
| 856 | 4 |
_qpdf _u |
|
| 856 | 4 |
_qpdf _u |
|
| 942 |
_cNOT _n0 _01 _s1 |
||
| 944 |
_aCR _c2020-04-06 _kРенета Константинова |
||
| 999 | _d320191 | ||
| 999 | _d320191 | ||